Embedded C programming and the Atmel AVR / (Record no. 26426)
[ view plain ]
| 000 -LEADER | |
|---|---|
| fixed length control field | 01076cam a22002895a 4500 |
| 001 - CONTROL NUMBER | |
| control field | 14280062 |
| 005 - DATE AND TIME OF LATEST TRANSACTION | |
| control field | 20201128024313.0 |
| 008 - FIXED-LENGTH DATA ELEMENTS--GENERAL INFORMATION | |
| fixed length control field | 060228t2007 nyua frb 001 0 eng d |
| 020 ## - INTERNATIONAL STANDARD BOOK NUMBER | |
| International Standard Book Number | 9781418039592 |
| 020 ## - INTERNATIONAL STANDARD BOOK NUMBER | |
| International Standard Book Number | 1418039594 |
| 040 ## - CATALOGING SOURCE | |
| Original cataloging agency | DLC |
| Transcribing agency | DLC |
| Modifying agency | YDXCP |
| -- | BAKER |
| -- | GZM |
| -- | OCLCQ |
| -- | BTCTA |
| -- | OCLCG |
| -- | DLC |
| -- | EG-ScBUE |
| Language of cataloging | eng |
| 082 04 - DEWEY DECIMAL CLASSIFICATION NUMBER | |
| Classification number | 005.133 |
| Edition number | 22 |
| Item number | BAR |
| 100 1# - MAIN ENTRY--PERSONAL NAME | |
| Personal name | Barnett, Richard H. |
| 245 10 - TITLE STATEMENT | |
| Title | Embedded C programming and the Atmel AVR / |
| Statement of responsibility, etc | Richard Barnett, Larry O'Cull, Sarah Cox. |
| 250 ## - EDITION STATEMENT | |
| Edition statement | 2nd ed. |
| 260 ## - PUBLICATION, DISTRIBUTION, ETC. (IMPRINT) | |
| Place of publication, distribution, etc | Clifton Park : |
| Name of publisher, distributor, etc | Thomson Delmar Learning, |
| Date of publication, distribution, etc | c.2007. |
| 300 ## - PHYSICAL DESCRIPTION | |
| Extent | xxii, 532 p. : |
| Other physical details | ill. ; |
| Dimensions | 24 cm. + |
| Accompanying material | CD-ROM (4 3/4 in.) |
| 500 ## - GENERAL NOTE | |
| General note | Includes index. |
| 650 #7 - SUBJECT ADDED ENTRY--TOPICAL TERM | |
| Topical term or geographic name as entry element | C (Computer program language) |
| Source of heading or term | BUEsh |
| 9 (RLIN) | 3405 |
| 650 #7 - SUBJECT ADDED ENTRY--TOPICAL TERM | |
| Topical term or geographic name as entry element | Embedded computer systems |
| General subdivision | Design and construction. |
| Source of heading or term | BUEsh |
| 9 (RLIN) | 3627 |
| 650 #7 - SUBJECT ADDED ENTRY--TOPICAL TERM | |
| Topical term or geographic name as entry element | RISC microprocessors. |
| Source of heading or term | BUEsh |
| 9 (RLIN) | 844 |
| 653 ## - INDEX TERM--UNCONTROLLED | |
| Resource For college | Generalities |
| -- | Informatics and Computer Science |
| Arrived date list | March2018 |
| 700 1# - ADDED ENTRY--PERSONAL NAME | |
| Personal name | O'Cull, Larry. |
| 700 1# - ADDED ENTRY--PERSONAL NAME | |
| Personal name | Cox, Sarah |
| Fuller form of name | (Sarah Alison) |
| 856 41 - ELECTRONIC LOCATION AND ACCESS | |
| Materials specified | Table of contents |
| Uniform Resource Identifier | <a href="http://www.loc.gov/catdir/toc/ecip069/2006007153.html">http://www.loc.gov/catdir/toc/ecip069/2006007153.html</a> |
| 942 ## - ADDED ENTRY ELEMENTS (KOHA) | |
| Source of classification or shelving scheme | Dewey Decimal Classification |
| Withdrawn status | Item status | Source of classification or shelving scheme | Damaged status | Not for loan | Home library | Current library | Shelving location | Date acquired | Total Checkouts | Full call number | Barcode | Date last seen | Koha item type |
|---|---|---|---|---|---|---|---|---|---|---|---|---|---|
| Dewey Decimal Classification | Central Library | Central Library | Lower Floor | 27/03/2018 | 005.133 BAR | 000047530 | 15/07/2025 | Book - Borrowing | |||||
| Dewey Decimal Classification | Central Library | Central Library | First floor | 27/03/2018 | 005.133 BAR | 000047531 | 24/08/2022 | CD | DVD - With book |